00769nam a22002297a 450000500170000001000130001702000210003003500130005103700160006404000120008008200130009210000310010524500680013626000580020427000380026230000210030065000230032165000270034494200220037199900190039395201270041220170124110228.0 aA-842548 c75.00a818686802 aA-842548 bCen Lib/Ret aDPLbEN a280bPUL aPulikkunnel, Joseph941067 aindentity of nazrani church of Kerala /cby Joseph Pulikkunnel  aKottayambIndia institute of christian studies c1997 bKottayamaHosanna mont, edamattom a152p.c22cm(pbk) aChristianity93734 aChurchzKerala 941068 2ddccENh280mPUL c134554d134554 001040718REFaLbLd2015-07-30eCen Lib/Retg75.00l0o280 PULpA-842548r2015-07-30 00:00:00t1v75.00w2015-07-30yEN